| 000 | 00964nas a2200337 4500 | ||
|---|---|---|---|
| 001 | BR0501189 | ||
| 003 | BR-BrBNA | ||
| 005 | 20231205105247.0 | ||
| 007 | ta | ||
| 008 | 230509b bl.|||p| |||| 00| 00por d | ||
| 040 |
_aBR-BrBNA _bpor _cBiblioteca Nacional de Agricultura |
||
| 041 | _a(Pt) | ||
| 072 | _aJ15 | ||
| 100 | 1 | _aTagliacozzo, G.M.D. | |
| 100 | 1 | _aZullo, M.A. | |
| 100 | 1 | _aCastro, C.E.F. de | |
| 245 | 1 | _aCaracterização física e conservação pós-colheita de alpínia | |
| 650 | _aFLOR PARA CORTE | ||
| 650 | _aPÓS-COLHEITA | ||
| 650 | _aCONSERVAÇÃO | ||
| 650 | _aINFLORESCÊNCIA | ||
| 650 | _aSACAROSE | ||
| 650 | _aMERCADO | ||
| 650 | _aTRATAMENTO | ||
| 650 | _aIMERSÃO | ||
| 650 | _aPULVERIZAÇÃO | ||
| 650 | _aSOLUÇÃO | ||
| 773 | 0 |
_tRevista Brasileira de Horticultura Ornamental (Brazil) _xISSN 1414-039X _g(2003), v. 9(1) p. 17-23 _wBR0501189 |
|
| 909 |
_a202311 _bLúcia _c55 _dLúcia Elande |
||
| 942 |
_2AGRIS _n0 _cANA |
||
| 999 |
_c182060 _d182060 |
||